000 00760cam a2200265 4500
001 J1594
008 090401t1993 xxu||||| |||| 00| 0 eng d
035 _a(Sirsi) u44377
041 _aeng
050 _a333.0065
110 _aEconomic Development Briefing
_92461
245 4 _aThe Chartered Surveyors Survey 1993 edition.
260 _aCinderford, Glos.
_bEconomic Development Briefing
_c1993
300 _a124p. ; 30cm.
350 _a500
490 _aEconomic Development Briefing
_vXVII
650 _aABOUT RICS-RICS MEMBERS
650 _aDIRECTORIES
650 _aESTATE AGENTS
650 _aFEES
690 _aMANAGEMENT-BUSINESS MANAGEMENT-PROFESSIONAL PRACTICE
700 _aVom Hove, Tann
_xEditor
942 _n0
948 _c04/03/1997
999 _c91507
_d91507